000 00674cam a22002051 4500
001 ne 64002905
003 DLC
005 20260227111806.0
008 890209s1960 ua 000 0 ara
010 _ane 64002905
035 _a(OCoLC)19122300
040 _aDLC
_cWaU
_dWaU
_dDLC
042 _apremarc
050 0 0 _aPJ6161
_b.A6
100 1 _aʻAqqād, ʻAbbās Maḥmūd,
_d1889-1964.
245 1 3 _aal-Lughah al-shāʻirah,
_bmazāyā al-fann wa-al-taʻbīr fī al-lughah al-ʻArabīyah.
_cBi-qalam ʻAbbās Maḥmūd al-ʻAqqād.
260 _a[al-Qāhirah]
_bMaktabat al-Anglū al-Miṣrīyah,
_c1960.
300 _a159 p.
_c22 cm.
650 0 _aArabic language
_xStyle.
999 _c47577
_d47577